Estatísticas para Imagine Dragons Músicas por Album

Clique aqui para jogar o quiz

Estatísticas Gerais

  • Esse quiz foi jogado 106 vezes
  • A pontuação média é 28 de 83

Estatísticas das Respostas

HintResposta% Correto
RRadioactive
84%
TThunder
84%
DDemons
83%
BBeliever
78%
ITIt's Time
64%
NNatural
64%
BLBad Liar
60%
EEnemy
59%
OTOTWOn Top of The World
59%
WITWhatever It Takes
59%
BBirds
53%
NTMNext To Me
47%
AAmsterdam
45%
SShots
45%
ZZero
45%
IBMLI Bet My Life
41%
IDKWI Don't Know Why
41%
MMonster
41%
NLTSNothing Left to Say
41%
WTWWalking The Wire
41%
BBoomerang
40%
TTiptoe
40%
WWarriors
40%
WCWest Coast
40%
WWrecked
40%
GGold
38%
BOBleeding Out
36%
MMachine
36%
CCCha-Ching
34%
FYFollow You
34%
ISSI'm So Sorry
34%
MMonday
34%
MLMy Life
34%
WMWorking Man
34%
##1
33%
COCool Out
33%
DDigital
33%
HMHear Me
33%
MOTRMouth Of The River
33%
TRThe River
33%
UUnderdog
33%
AAmerica
31%
GGiants
31%
LLove
31%
OOnly
31%
YYesterday
31%
BIAGBullet In A Gun
29%
DKDull Knives
29%
ECEGEasy Come Easy Go
29%
RURise Up
29%
RARRound And Round
29%
SAMSmoke And Mirrors
29%
ENEvery Night
28%
LLonely
28%
RRocks
28%
SSelene
28%
DDream
26%
FFriction
26%
NTFTPNo Time For Toxic People
26%
IMIUTYI'll Make It Up To You
24%
PPolaroid
24%
TFThe Fall
24%
CUCover Up
22%
DITDDancing In The Dark
22%
IDMI Don't Mind
22%
MFMy Fault
22%
RReal Life
22%
SOStart Over
22%
SStuck
22%
HOHopeless Opus
21%
BOBurn Out
19%
ICBTYIt Comes Back To You
19%
IOIt's Ok
19%
WWAWho We Are
19%
BCBattle Cry
17%
CCutthroat
16%
SCSecond Chances
16%
TThief
14%
TTrouble
14%
ODOne Day
12%
RRelease
12%
SSummer
12%
TUThe Unknown
12%

Distribuição das Pontuações

Percentil de Números Respondidos

Porcentagem de Pessoas com Cada Pontuação

Sua Pontuação Histórica

Você não jogou esse quiz